=LDR 00000nam 2200000 4500 =001 INLIS000000000019459 =005 20130612114520 =008 ***********************************Ind** =035 ##$$0010-061300000019459 =041 ##$$a Ind =082 ##$$a 384.552 2 =090 ##$$a 384.552 2, Gum m =100 ##$$a Gumelar, M.S =245 ##$$a Memproduksi animasi TV, M.S Gumelar =260 ##$$a 2004 $b Jakarta =300 ##$$a viii, 382 hlm, ilus, 21 cm =650 ##$$a Televisi, Stasiun =850 ##$$a NBPNMAT =990 ##$$a 0001/BPAP-NTB/20142014 =990 ##$$a 0001/BPAP-NTB/20142015 =990 ##$$a 0001/BPAP-NTB/20142015